Normal view
MARC view
- العريمي،ايمن ، صقر،سامي/تدقيق لغوي
Entry Personal Name
001 - CONTROL NUMBER
- control field: 17729
003 - CONTROL NUMBER IDENTIFIER
- control field: JO-AjAnu
005 - DATE AND TIME OF LATEST TRANSACTION
- control field: 20230606073127.0
008 - FIXED-LENGTH DATA ELEMENTS
- fixed length control field: 230606|| aca||aabn | a|a d
040 ## - CATALOGING SOURCE
- Original cataloging agency: JO-AjAnu
- Transcribing agency: JO-AjAnu
100 ## - HEADING--PERSONAL NAME
- Personal name: العريمي،ايمن ، صقر،سامي/تدقيق لغوي
670 ## - SOURCE DATA FOUND
- Source citation: Work cat.: (JO-AjAnu)9107: العريمي،ايمن ، صقر،سامي/تدقيق لغوي, author, اكتشف وبرمج عقلك الباطن